|
|
|
|
| LEADER |
00000naa2a2200000 4500 |
| 001 |
605086 |
| 005 |
20260220162700.0 |
| 035 |
|
|
|a (RuTPU)RU\TPU\conf\2371
|
| 035 |
|
|
|a RU\TPU\conf\2355
|
| 090 |
|
|
|a 605086
|
| 100 |
|
|
|a 20140401d2013 k y0rusy50 ca
|
| 101 |
0 |
|
|a rus
|
| 102 |
|
|
|a RU
|
| 135 |
|
|
|a arnn ---uucaa
|
| 181 |
|
0 |
|a i
|
| 182 |
|
0 |
|a b
|
| 200 |
1 |
|
|a Использование геонавигации при бурении нефтяных и газовых скважин
|f А. А. Ковешников
|g науч. рук. Ю. А. Максимова
|
| 203 |
|
|
|a Текст
|c электронный
|
| 225 |
1 |
|
|a Бурение нефтяных и газовых скважин
|
| 300 |
|
|
|a Заглавие с экрана
|
| 320 |
|
|
|a [Библиогр.: с. 223 (1 назв.)]
|
| 337 |
|
|
|a Adobe Reader
|
| 461 |
|
1 |
|0 (RuTPU)RU\TPU\conf\37
|t Проблемы геологии и освоения недр
|o труды XVII Международного симпозиума имени академика М. А. Усова студентов и молодых ученых, Томск, 1-5 апреля 2013 г.
|o в 2 т.
|f Национальный исследовательский Томский политехнический университет (ТПУ), Институт природных ресурсов (ИПР) ; Общество инженеров-нефтяников, Студенческий чаптер ; под ред. А. Ю. Дмитриева
|d 2013
|
| 463 |
|
1 |
|0 (RuTPU)RU\TPU\conf\39
|t Т. 2
|v [С. 221-223]
|d 2013
|
| 610 |
1 |
|
|a труды учёных ТПУ
|
| 610 |
1 |
|
|a электронный ресурс
|
| 610 |
1 |
|
|a геонавигация
|
| 610 |
1 |
|
|a бурение
|
| 610 |
1 |
|
|a нефтяные скважины
|
| 610 |
1 |
|
|a газовые скважины
|
| 610 |
1 |
|
|a скважины
|
| 700 |
|
1 |
|a Ковешников
|b А. А.
|
| 702 |
|
1 |
|a Максимова
|b Ю. А.
|c специалист в области нефтепромыслового оборудования
|c ассистент кафедры Томского политехнического университета
|f 1979-
|g Юлия Анатольевна
|4 727
|
| 712 |
0 |
2 |
|a Национальный исследовательский Томский политехнический университет (ТПУ)
|b Институт природных ресурсов (ИПР)
|b Кафедра бурения скважин (БС)
|3 (RuTPU)RU\TPU\col\18666
|
| 801 |
|
2 |
|a RU
|b 63413507
|c 20230315
|g RCR
|
| 856 |
4 |
|
|u http://www.lib.tpu.ru/fulltext/c/2013/C11/V2/098.pdf
|
| 942 |
|
|
|c CF
|